Electric machinery and transformers (Record no. 440)

000 -LEADER
fixed length control field 00469nam a2200193 4500
001 - CONTROL NUMBER
control field 440
003 - CONTROL NUMBER IDENTIFIER
control field BD-DhUET
008 - FIXED-LENGTH DATA ELEMENTS--GENERAL INFORMATION
fixed length control field 140721b xxu||||| |||| 00| 0 eng d
020 ## - INTERNATIONAL STANDARD BOOK NUMBER
International Standard Book Number 81203007755
040 ## - CATALOGING SOURCE
Transcribing agency 0
Modifying agency BD-DhUET
082 ## - DEWEY DECIMAL CLASSIFICATION NUMBER
Classification number 623.1042
Item number KOS/1991
100 ## - MAIN ENTRY--PERSONAL NAME
Personal name Kosow, Irving L.
245 ## - TITLE STATEMENT
Title Electric machinery and transformers
250 ## - EDITION STATEMENT
Edition statement 2nd ed.
260 ## - PUBLICATION, DISTRIBUTION, ETC. (IMPRINT)
Place of publication, distribution, etc. New Delhi
Name of publisher, distributor, etc. Prentice-Hall
Date of publication, distribution, etc. 1991
300 ## - PHYSICAL DESCRIPTION
Extent xiv,626p.
650 #0 - SUBJECT ADDED ENTRY--TOPICAL TERM
Topical term or geographic name as entry element Electric machinery
942 ## - ADDED ENTRY ELEMENTS (KOHA)
Koha item type General Book
Holdings
Piece designation (barcode) Koha date last borrowed Not for loan Source of classification or shelving scheme Location (home branch) Date acquired Lost status Koha issues (times borrowed) Koha normalized classification for sorting Price effective from Koha item type Copy number Shelving location Withdrawn status Koha date last seen Koha full call number Sublocation or collection (holding branch) Damaged status
103680   Central Library, BUET2014-07-21  623_104200000000000_KOS_19912014-07-21General Book1Circulation section 2014-07-21623.1042/KOS/1991Central Library, BUET 
103681   Central Library, BUET2014-07-21  623_104200000000000_KOS_19912014-07-21General Book2Circulation section 2016-12-07623.1042/KOS/1991Central Library, BUET 
1036822021-12-05  Central Library, BUET2014-07-21 1623_104200000000000_KOS_19912014-07-21General Book3Circulation section 2021-12-15623.1042/KOS/1991Central Library, BUET 
103683   Central Library, BUET2014-07-21  623_104200000000000_KOS_19912014-07-21General Book4Circulation section 2014-07-21623.1042/KOS/1991Central Library, BUET 
103684   Central Library, BUET2014-07-21  623_000000000000000_1042KOS1992014-07-21General Book5Circulation section 2014-07-21623.1042/KOS/1991Central Library, BUET 
103685   Central Library, BUET2014-07-21  623_104200000000000_KOS_19912014-07-21General Book6Circulation section 2014-07-21623.1042/KOS/1991Central Library, BUET 
103686   Central Library, BUET2014-07-21  623_104200000000000_KOS_19912014-07-21General Book7Circulation section 2014-07-21623.1042/KOS/1991Central Library, BUET 
103688   Central Library, BUET2014-07-21  623_000000000000000_1042KOS1992014-07-21General Book8Circulation section 2016-11-29623.1042/KOS/1991Central Library, BUET 
103689   Central Library, BUET2014-07-21  623_104200000000000_KOS_19912014-07-21General Book9Circulation section 2017-03-11623.1042/KOS/1991Central Library, BUET